banner-ar

LES REVOLUTIONS 1789-1848 / (Record no. 24921)

MARC details
000 -الفاتح
حقل البيانات ثابتة الطول 00565nam a2200229Ia 4500
008 - عناصر البيانات ثابتة الطول - معلومات عامة
حقل البيانات ثابتة الطول 140319s9999 xx 000 0 eng d
040 ## - مصدر الفهرسة
وكالة الفهرسة الأصلية GCL /
وكالة النسخ GCL
082 04 - رقم تصنيف ديوى العشرى
رقم التصنيف 944
رقم المادة A R
100 1# - المدخل الرئيسى - إسم شخصى
الإسم الشخصى MICHAUD, JEAN
245 10 - بيان العنوان
العنوان LES REVOLUTIONS 1789-1848 /
بيان المسئوليه,etc MICHAUD, JEAN
700 1# - المدخل الاضافى - اسم شخصى
الإسم الشخصى POUTHAS, CH. H.
700 1# - المدخل الاضافى - اسم شخصى
الإسم الشخصى ALBA, ANDRE
700 1# - المدخل الاضافى - اسم شخصى
الإسم الشخصى ISAAC, JULES
260 ## - PUBLICATION, DISTRIBUTION, ETC. (IMPRINT)
تاريخ النشر أو التوزيع 1960
300 ## - الوصف المادى
التعداد 348 P
650 04 - المدخل الاضافى بالموضوع-مصطلح موضوعى
مصطلح موضوعي FRANCE - HISTORY
650 04 - المدخل الاضافى بالموضوع-مصطلح موضوعى
مصطلح موضوعي HISTORY
650 04 - المدخل الاضافى بالموضوع-مصطلح موضوعى
مصطلح موضوعي FRANCE
650 04 - المدخل الاضافى بالموضوع-مصطلح موضوعى
مصطلح موضوعي REVOLUTION
942 ## - عناصر المدخل الإضافي( كوها)
مصدر التصنيف او مخطط الترفيف Dewey Decimal Classification
Koha [default] item type كتاب
260 ## - PUBLICATION, DISTRIBUTION, ETC. (IMPRINT)
-- [S.N] :
-- MARABOUT UNIVERSITE ،
Holdings
حالة التراجع حالة الفقد حالة تلف ليس للاعارة المكان المؤقت الموقع الحالى تاريخ الاكتساب اجمالي اﻻعارات رقم الطلب الباركود تاريخ اخر مشاهدة تاريخ تفعيل السعر نوع وعاء كوها
        مكتبة القاهرة الكبرى مكتبة القاهرة الكبرى 03/26/2014   944\A R 44027 03/26/2014 03/26/2014 كتاب

Powered By

EGPV